000 01211nam a2200349 i 4500
003 CO-BoRNBP
005 20250213093516.0
007 ta
008 250213s2023 ck a|||| |||| 00| 0 spa d
020 _a9786289568950
040 _aCO-BoRNBP
_bspa
_cCO-BoRNBP
_erda
041 _aspa
043 _as-ck---
084 _aC NIC1
100 1 _aNicolás, Sara
_d1978-
_eautora
_958337
245 1 0 _a¡Ouah!/
_cSara Nicolás y Óscar Rull; ilustraciones, Rafa Antón
250 _aEdición especial
264 1 _aBogotá, Colombia
_bA S Ediciones
_c2023
264 4 _c©2023
300 _a34 páginas sin numerar,
_bilustraciones a color,
_c30 cm
336 _2rdacontent
_atexto
_btxt
337 _2rdamedia
_asin mediación
_bn
338 _2rdacarrier
_avolumen
_bnc
521 1 _aRecomendado para un público infantil a partir de los 6 años.
650 1 7 _2ARMARC
_aCuentos infantiles españoles
_vSiglo XXI
_958338
650 1 7 _2ARMARC
_aLiteratura infantil española
_vSiglo XXI
_958339
650 1 7 _2ARMARC
_aHumor en la literatura
_92203
650 1 7 _2ARMARC
_aMascotas en la literatura
_958340
700 1 _aRull, Óscar
_eautor
_958341
710 1 _aAntón, Rafa
_eilustrador
_958342
942 _2ddc
_cBKINF
999 _c56899
_d56899